00290 a2200097 4500001001000000005001700010008004100027245005300068100002600121773004500147ART_3305320260410161926.0260409a 10aPrecios de transferencia en el mercado de granos1 aGiordano, Ana Lucía0 tLecturasg- Nº 12 (jun. 2008)wREV19328